| 000 | 00592nam a22001697a 4500 | ||
|---|---|---|---|
| 005 | 20251108164035.0 | ||
| 008 | 250721s1993 xx 000 0 ara d | ||
| 082 | 1 | 4 | _a216,534/طيب |
| 100 | 1 | _aالطيبي، عكاشة عبد المنان | |
| 245 | 1 | 0 |
_aتدهور أخلاق النساء : اعراضه اسبابه علاجه : _bأعراضه - أسبابه - علاجه / |
| 264 | 1 |
_aالقاهرة : _bمكتبة التراث الإسلامي، _c1993. |
|
| 300 | _a243ص. | ||
| 650 | 1 | 7 | _aالزواج |
| 650 | 1 | 7 | _aالمرأة المسلمة |
| 942 |
_2ddc _cBK |
||
| 999 |
_c2117 _d2117 |
||